[Event "XLIV Memoriał Szachowy Ludwika Zamenhofa 2025, Grupa A"]
[Site "Białystok, Poland"]
[Date "2025.12.27"]
[Round "2.12"]
[White "Mayorau, Mikita"]
[Black "Praczukowski, Stanislaw"]
[Result "1-0"]
[TimeControl "90'+30\""]
[WhiteElo "2472"]
[BlackElo "2155"]

1. d4 {[%clk 01:30:54]} {[%emt 00:00:05]} Nf6 {[%clk 01:30:54]} {[%emt
00:00:07]} 2. c4 {[%clk 01:31:10]} {[%emt 00:00:13]} e6 {[%clk 01:31:12]}
{[%emt 00:00:12]} 3. Nc3 {[%clk 01:31:00]} {[%emt 00:00:41]} Bb4 {[%clk
01:31:12]} {[%emt 00:00:29]} 4. Qc2 {[%clk 01:31:15]} {[%emt 00:00:15]} O-O
{[%clk 01:30:49]} {[%emt 00:00:53]} 5. a3 {[%clk 01:31:26]} {[%emt 00:00:19]}
Bxc3+ {[%clk 01:31:08]} {[%emt 00:00:11]} 6. Qxc3 {[%clk 01:31:51]} {[%emt
00:00:06]} d6 {[%clk 01:30:46]} {[%emt 00:00:51]} 7. Nf3 {[%clk 01:30:50]}
{[%emt 00:01:31]} b6 {[%clk 01:30:21]} {[%emt 00:00:56]} 8. g3 {[%clk
01:31:11]} {[%emt 00:00:09]} Bb7 {[%clk 01:29:58]} {[%emt 00:00:53]} 9. Bg2
{[%clk 01:31:29]} {[%emt 00:00:11]} Nbd7 {[%clk 01:30:03]} {[%emt 00:00:25]} 10.
O-O {[%clk 01:31:47]} {[%emt 00:00:13]} Qe7 {[%clk 01:29:11]} {[%emt 00:01:22]}
11. b3 {[%clk 01:31:52]} {[%emt 00:00:25]} Rfe8 {[%clk 01:26:02]} {[%emt
00:03:38]} 12. Bb2 {[%clk 01:32:11]} {[%emt 00:00:12]} c5 {[%clk 01:19:53]}
{[%emt 00:06:39]} 13. Rfd1 {[%clk 01:26:32]} {[%emt 00:06:08]} Rac8 {[%clk
01:15:52]} {[%emt 00:04:32]} 14. Qe1 {[%clk 01:06:59]} {[%emt 00:20:03]} Be4
{[%clk 01:08:12]} {[%emt 00:08:09]} 15. Rac1 {[%clk 00:55:37]} {[%emt
00:11:52]} Red8 {[%clk 01:07:09]} {[%emt 00:01:32]} 16. Bh3 {[%clk 00:53:26]}
{[%emt 00:02:42]} Ba8 {[%clk 00:53:45]} {[%emt 00:13:55]} 17. Nd2 {[%clk
00:49:35]} {[%emt 00:04:21]} Rb8 {[%clk 00:48:31]} {[%emt 00:05:44]} 18. b4
{[%clk 00:45:56]} {[%emt 00:04:09]} cxd4 {[%clk 00:45:39]} {[%emt 00:03:22]} 19.
Bxd4 {[%clk 00:46:17]} {[%emt 00:00:08]} Rbc8 {[%clk 00:45:41]} {[%emt
00:00:28]} 20. e4 {[%clk 00:42:31]} {[%emt 00:04:16]} Rc7 {[%clk 00:41:08]}
{[%emt 00:05:04]} 21. f3 {[%clk 00:41:23]} {[%emt 00:01:38]} Rdc8 {[%clk
00:41:20]} {[%emt 00:00:17]} 22. Bf1 {[%clk 00:40:58]} {[%emt 00:00:55]} Qf8
{[%clk 00:39:57]} {[%emt 00:01:53]} 23. Be2 {[%clk 00:36:22]} {[%emt 00:05:06]}
Bb7 {[%clk 00:39:31]} {[%emt 00:00:56]} 24. Nf1 {[%clk 00:32:37]} {[%emt
00:04:15]} Bc6 {[%clk 00:35:53]} {[%emt 00:04:08]} 25. Qd2 {[%clk 00:30:16]}
{[%emt 00:02:52]} Ba4 {[%clk 00:35:50]} {[%emt 00:00:32]} 26. Re1 {[%clk
00:30:26]} {[%emt 00:00:20]} Bc6 {[%clk 00:29:03]} {[%emt 00:07:18]} 27. Ne3
{[%clk 00:29:54]} {[%emt 00:01:01]} Ba8 {[%clk 00:26:41]} {[%emt 00:02:53]} 28.
Red1 {[%clk 00:29:30]} {[%emt 00:00:54]} Rd8 {[%clk 00:26:40]} {[%emt
00:00:30]} 29. Bb2 {[%clk 00:26:23]} {[%emt 00:03:37]} Ne8 {[%clk 00:26:34]}
{[%emt 00:00:36]} 30. Ng4 {[%clk 00:24:48]} {[%emt 00:02:05]} f5 {[%clk
00:25:18]} {[%emt 00:01:46]} 31. Qg5 {[%clk 00:17:46]} {[%emt 00:07:32]} Rdc8
{[%clk 00:13:36]} {[%emt 00:12:13]} 32. exf5 {[%clk 00:17:49]} {[%emt
00:00:27]} exf5 {[%clk 00:13:34]} {[%emt 00:00:31]} 33. Nh6+ {[%clk 00:17:07]}
{[%emt 00:01:12]} Kh8 {[%clk 00:13:57]} {[%emt 00:00:07]} 34. Nxf5 {[%clk
00:17:07]} {[%emt 00:00:30]} Ne5 {[%clk 00:13:46]} {[%emt 00:00:42]} 35. Nd4
{[%clk 00:12:03]} {[%emt 00:05:34]} Rxc4 {[%clk 00:11:08]} {[%emt 00:03:08]} 36.
Bxc4 {[%clk 00:06:08]} {[%emt 00:06:24]} Rxc4 {[%clk 00:09:57]} {[%emt
00:01:42]} 37. Rxc4 {[%clk 00:05:16]} {[%emt 00:01:22]} 1-0

[Event "XLIV Memoriał Szachowy Ludwika Zamenhofa 2025, Grupa A"]
[Site "Białystok, Poland"]
[Date "2025.12.27"]
[Round "2.13"]
[White "Jakubowski, Krzysztof"]
[Black "Lecki, Leonard"]
[Result "1-0"]
[TimeControl "90'+30\""]
[WhiteElo "2437"]
[BlackElo "2194"]

1. e4 {[%clk 01:30:58]} {[%emt 00:00:01]} c5 {[%clk 01:30:40]} {[%emt
00:00:11]} 2. Nf3 {[%clk 01:31:22]} {[%emt 00:00:14]} Nc6 {[%clk 01:31:02]}
{[%emt 00:00:09]} 3. d4 {[%clk 01:31:30]} {[%emt 00:00:22]} cxd4 {[%clk
01:31:28]} {[%emt 00:00:05]} 4. Nxd4 {[%clk 01:31:54]} {[%emt 00:00:05]} g6
{[%clk 01:31:50]} {[%emt 00:00:08]} 5. c4 {[%clk 01:32:17]} {[%emt 00:00:07]}
Nf6 {[%clk 01:32:15]} {[%emt 00:00:06]} 6. Nc3 {[%clk 01:32:40]} {[%emt
00:00:06]} Nxd4 {[%clk 01:32:41]} {[%emt 00:00:04]} 7. Qxd4 {[%clk 01:33:03]}
{[%emt 00:00:06]} d6 {[%clk 01:33:07]} {[%emt 00:00:04]} 8. Be3 {[%clk
01:29:28]} {[%emt 00:04:06]} Bg7 {[%clk 01:33:31]} {[%emt 00:00:06]} 9. f3
{[%clk 01:29:51]} {[%emt 00:00:07]} O-O {[%clk 01:33:55]} {[%emt 00:00:06]} 10.
Qd2 {[%clk 01:30:19]} {[%emt 00:00:02]} Qa5 {[%clk 01:33:56]} {[%emt 00:00:30]}
11. Rc1 {[%clk 01:21:53]} {[%emt 00:08:55]} Be6 {[%clk 01:33:58]} {[%emt
00:00:28]} 12. b3 {[%clk 01:22:17]} {[%emt 00:00:06]} Rfc8 {[%clk 01:34:14]}
{[%emt 00:00:15]} 13. Be2 {[%clk 01:21:06]} {[%emt 00:01:40]} a6 {[%clk
01:34:41]} {[%emt 00:00:04]} 14. Na4 {[%clk 01:20:56]} {[%emt 00:00:40]} Qxd2+
{[%clk 01:35:06]} {[%emt 00:00:05]} 15. Kxd2 {[%clk 01:21:23]} {[%emt
00:00:03]} Nd7 {[%clk 01:35:20]} {[%emt 00:00:16]} 16. g4 {[%clk 01:21:48]}
{[%emt 00:00:04]} Rcb8 {[%clk 01:35:47]} {[%emt 00:00:03]} 17. Nb6 {[%clk
01:20:27]} {[%emt 00:01:51]} Nxb6 {[%clk 01:36:04]} {[%emt 00:00:13]} 18. Bxb6
{[%clk 01:20:53]} {[%emt 00:00:04]} Bh6+ {[%clk 01:32:22]} {[%emt 00:04:12]} 19.
Be3 {[%clk 01:21:06]} {[%emt 00:00:17]} Bxe3+ {[%clk 01:32:48]} {[%emt
00:00:05]} 20. Kxe3 {[%clk 01:21:32]} {[%emt 00:00:04]} b5 {[%clk 01:23:42]}
{[%emt 00:09:36]} 21. f4 {[%clk 01:16:42]} {[%emt 00:05:19]} Kf8 {[%clk
01:07:27]} {[%emt 00:16:45]} 22. h4 {[%clk 00:59:07]} {[%emt 00:18:05]} Bd7
{[%clk 00:52:12]} {[%emt 00:15:46]} 23. h5 {[%clk 00:53:41]} {[%emt 00:05:56]}
e5 {[%clk 00:39:26]} {[%emt 00:13:15]} 24. f5 {[%clk 00:34:19]} {[%emt
00:19:52]} gxf5 {[%clk 00:36:57]} {[%emt 00:03:00]} 25. exf5 {[%clk 00:34:43]}
{[%emt 00:00:06]} Ke7 {[%clk 00:36:52]} {[%emt 00:00:34]} 26. Bf3 {[%clk
00:28:51]} {[%emt 00:06:23]} Ra7 {[%clk 00:37:17]} {[%emt 00:00:05]} 27. c5
{[%clk 00:29:15]} {[%emt 00:00:05]} h6 {[%clk 00:22:50]} {[%emt 00:14:58]} 28.
c6 {[%clk 00:23:32]} {[%emt 00:06:13]} Be8 {[%clk 00:23:15]} {[%emt 00:00:04]}
29. g5 {[%clk 00:23:11]} {[%emt 00:00:51]} f6 {[%clk 00:12:53]} {[%emt
00:10:53]} 30. g6 {[%clk 00:19:13]} {[%emt 00:04:28]} Rc7 {[%clk 00:12:33]}
{[%emt 00:00:50]} 31. Rhg1 {[%clk 00:16:23]} {[%emt 00:03:20]} Kf8 {[%clk
00:11:35]} {[%emt 00:01:27]} 32. Rgd1 {[%clk 00:14:27]} {[%emt 00:02:26]} Rd8
{[%clk 00:09:52]} {[%emt 00:02:13]} 33. b4 {[%clk 00:14:10]} {[%emt 00:00:47]}
Kg7 {[%clk 00:06:36]} {[%emt 00:03:45]} 34. Rc3 {[%clk 00:13:23]} {[%emt
00:01:18]} Kf8 {[%clk 00:06:07]} {[%emt 00:00:59]} 35. Rd2 {[%clk 00:10:31]}
{[%emt 00:03:21]} Ke7 {[%clk 00:06:01]} {[%emt 00:00:37]} 36. Bd5 {[%clk
00:10:15]} {[%emt 00:00:47]} Kf8 {[%clk 00:05:59]} {[%emt 00:00:32]} 37. Rdc2
{[%clk 00:10:33]} {[%emt 00:00:12]} Rdc8 {[%clk 00:04:54]} {[%emt 00:01:34]} 38.
Ra3 {[%clk 00:09:17]} {[%emt 00:01:46]} Bxc6 {[%clk 00:01:50]} {[%emt
00:03:35]} 39. Rac3 {[%clk 00:09:34]} {[%emt 00:00:12]} 1-0

[Event "XLIV Memoriał Szachowy Ludwika Zamenhofa 2025, Grupa A"]
[Site "Białystok, Poland"]
[Date "2025.12.27"]
[Round "2.14"]
[White "Ejsymont, Blanka"]
[Black "Lewtak, Damian"]
[Result "0-1"]
[TimeControl "90'+30\""]
[WhiteElo "2049"]
[BlackElo "2333"]

1. e4 {[%clk 01:30:57]} {[%emt 00:00:02]} g6 {[%clk 01:30:55]} {[%emt
00:00:05]} 2. d4 {[%clk 01:31:23]} {[%emt 00:00:05]} Bg7 {[%clk 01:31:21]}
{[%emt 00:00:04]} 3. Nc3 {[%clk 01:31:28]} {[%emt 00:00:25]} d6 {[%clk
01:31:45]} {[%emt 00:00:06]} 4. Be3 {[%clk 01:31:01]} {[%emt 00:00:57]} a6
{[%clk 01:32:05]} {[%emt 00:00:09]} 5. Nf3 {[%clk 01:27:54]} {[%emt 00:03:37]}
b5 {[%clk 01:30:02]} {[%emt 00:02:32]} 6. Qd2 {[%clk 01:23:03]} {[%emt
00:05:21]} Bb7 {[%clk 01:28:08]} {[%emt 00:02:25]} 7. a3 {[%clk 01:19:27]}
{[%emt 00:04:06]} Nd7 {[%clk 01:22:56]} {[%emt 00:05:42]} 8. h4 {[%clk
01:14:37]} {[%emt 00:05:21]} h6 {[%clk 01:22:20]} {[%emt 00:01:05]} 9. Bd3
{[%clk 01:05:20]} {[%emt 00:09:47]} c5 {[%clk 01:16:43]} {[%emt 00:06:06]} 10.
a4 {[%clk 01:00:14]} {[%emt 00:05:37]} b4 {[%clk 01:11:14]} {[%emt 00:05:59]}
11. Ne2 {[%clk 00:53:54]} {[%emt 00:06:50]} Ngf6 {[%clk 01:04:54]} {[%emt
00:06:50]} 12. Ng3 {[%clk 00:48:00]} {[%emt 00:06:24]} Ng4 {[%clk 01:02:13]}
{[%emt 00:03:11]} 13. c3 {[%clk 00:45:26]} {[%emt 00:03:04]} Nxe3 {[%clk
01:01:06]} {[%emt 00:01:36]} 14. Qxe3 {[%clk 00:45:49]} {[%emt 00:00:08]} Qa5
{[%clk 00:50:10]} {[%emt 00:11:26]} 15. Qd2 {[%clk 00:40:57]} {[%emt 00:05:22]}
bxc3 {[%clk 00:48:55]} {[%emt 00:01:45]} 16. bxc3 {[%clk 00:41:14]} {[%emt
00:00:13]} h5 {[%clk 00:48:48]} {[%emt 00:00:36]} 17. Ne2 {[%clk 00:28:03]}
{[%emt 00:13:41]} Nf6 {[%clk 00:42:14]} {[%emt 00:07:04]} 18. d5 {[%clk
00:23:47]} {[%emt 00:04:46]} c4 {[%clk 00:37:21]} {[%emt 00:05:24]} 19. Bc2
{[%clk 00:23:03]} {[%emt 00:01:14]} Bc8 {[%clk 00:35:02]} {[%emt 00:02:48]} 20.
Nfd4 {[%clk 00:19:48]} {[%emt 00:03:46]} Bh6 {[%clk 00:31:22]} {[%emt
00:04:10]} 21. Qd1 {[%clk 00:19:17]} {[%emt 00:01:00]} Bd7 {[%clk 00:31:00]}
{[%emt 00:00:52]} 22. O-O {[%clk 00:16:53]} {[%emt 00:02:54]} O-O {[%clk
00:31:25]} {[%emt 00:00:06]} 23. Qb1 {[%clk 00:14:25]} {[%emt 00:02:58]} Bd2
{[%clk 00:27:56]} {[%emt 00:03:58]} 24. Qb2 {[%clk 00:12:43]} {[%emt 00:02:12]}
Rab8 {[%clk 00:23:28]} {[%emt 00:04:58]} 25. Qa3 {[%clk 00:11:26]} {[%emt
00:01:47]} Rb6 {[%clk 00:23:43]} {[%emt 00:00:15]} 26. Rfd1 {[%clk 00:10:10]}
{[%emt 00:01:45]} Bh6 {[%clk 00:23:09]} {[%emt 00:01:04]} 27. Qa2 {[%clk
00:08:04]} {[%emt 00:02:35]} Qc5 {[%clk 00:21:36]} {[%emt 00:02:03]} 28. Rab1
{[%clk 00:07:46]} {[%emt 00:00:50]} Rxb1 {[%clk 00:19:57]} {[%emt 00:02:11]} 29.
Rxb1 {[%clk 00:07:29]} {[%emt 00:00:47]} e5 {[%clk 00:19:45]} {[%emt 00:00:40]}
30. dxe6 {[%clk 00:06:15]} {[%emt 00:01:44]} fxe6 {[%clk 00:20:09]} {[%emt
00:00:07]} 31. Rb4 {[%clk 00:05:54]} {[%emt 00:00:51]} Ng4 {[%clk 00:18:20]}
{[%emt 00:02:18]} 32. Qxc4 {[%clk 00:00:44]} {[%emt 00:05:40]} Qe5 {[%clk
00:18:14]} {[%emt 00:00:36]} 33. g3 {[%clk 00:00:45]} {[%emt 00:00:29]} Rxf2
{[%clk 00:16:53]} {[%emt 00:01:51]} 34. Rb8+ {[%clk 00:01:01]} {[%emt
00:00:15]} Kh7 {[%clk 00:15:45]} {[%emt 00:01:37]} 35. Qc7 {[%clk 00:00:58]}
{[%emt 00:00:33]} Be3 {[%clk 00:15:36]} {[%emt 00:00:39]} 36. Bd3 {[%clk
00:00:32]} {[%emt 00:00:57]} Rxe2+ {[%clk 00:15:42]} {[%emt 00:00:23]} 37. Kf1
{[%clk 00:00:52]} {[%emt 00:00:10]} Rf2+ {[%clk 00:16:03]} {[%emt 00:00:09]} 38.
Ke1 {[%clk 00:01:17]} {[%emt 00:00:06]} Bd2+ {[%clk 00:16:24]} {[%emt
00:00:08]} 39. Kd1 {[%clk 00:01:34]} {[%emt 00:00:13]} Ne3# {[%clk 00:15:20]}
{[%emt 00:00:05]} 0-1

[Event "XLIV Memoriał Szachowy Ludwika Zamenhofa 2025, Grupa A"]
[Site "Białystok, Poland"]
[Date "2025.12.27"]
[Round "2.15"]
[White "Obolonin, Filipp"]
[Black "Backiel, Hubert"]
[Result "1-0"]
[TimeControl "90'+30\""]
[WhiteElo "2103"]
[BlackElo "2258"]

1. Nf3 {[%clk 01:27:03]} {[%emt 00:03:55]} Nf6 {[%clk 01:30:46]} {[%emt
00:00:14]} 2. d4 {[%clk 01:27:05]} {[%emt 00:00:28]} e6 {[%clk 01:31:10]}
{[%emt 00:00:07]} 3. c4 {[%clk 01:27:28]} {[%emt 00:00:07]} d5 {[%clk
01:31:28]} {[%emt 00:00:12]} 4. g3 {[%clk 01:27:38]} {[%emt 00:00:20]} dxc4
{[%clk 01:31:33]} {[%emt 00:00:25]} 5. Bg2 {[%clk 01:27:58]} {[%emt 00:00:10]}
Nc6 {[%clk 01:31:41]} {[%emt 00:00:21]} 6. Qa4 {[%clk 01:27:34]} {[%emt
00:00:55]} Bb4+ {[%clk 01:31:52]} {[%emt 00:00:19]} 7. Bd2 {[%clk 01:27:59]}
{[%emt 00:00:05]} Nd5 {[%clk 01:31:54]} {[%emt 00:00:28]} 8. Bxb4 {[%clk
01:25:54]} {[%emt 00:02:35]} Ndxb4 {[%clk 01:32:19]} {[%emt 00:00:05]} 9. Nc3
{[%clk 01:26:03]} {[%emt 00:00:21]} Bd7 {[%clk 01:19:48]} {[%emt 00:13:00]} 10.
O-O {[%clk 01:25:01]} {[%emt 00:01:33]} a5 {[%clk 01:09:19]} {[%emt 00:10:59]}
11. Qd1 {[%clk 01:23:18]} {[%emt 00:02:12]} O-O {[%clk 01:06:05]} {[%emt
00:03:45]} 12. a3 {[%clk 01:23:33]} {[%emt 00:00:15]} Nd5 {[%clk 01:06:01]}
{[%emt 00:00:33]} 13. Qc2 {[%clk 01:23:58]} {[%emt 00:00:06]} Nxc3 {[%clk
00:56:55]} {[%emt 00:09:36]} 14. Qxc3 {[%clk 01:24:01]} {[%emt 00:00:27]} a4
{[%clk 00:49:17]} {[%emt 00:08:07]} 15. Ne5 {[%clk 01:22:01]} {[%emt 00:02:32]}
Na5 {[%clk 00:35:02]} {[%emt 00:14:44]} 16. Nxc4 {[%clk 01:21:40]} {[%emt
00:00:50]} Nxc4 {[%clk 00:35:30]} {[%emt 00:00:03]} 17. Qxc4 {[%clk 01:21:48]}
{[%emt 00:00:22]} c6 {[%clk 00:35:59]} {[%emt 00:00:01]} 18. Rfd1 {[%clk
01:21:51]} {[%emt 00:00:27]} Qb6 {[%clk 00:34:59]} {[%emt 00:01:30]} 19. Rd2
{[%clk 01:22:09]} {[%emt 00:00:11]} Ra5 {[%clk 00:35:08]} {[%emt 00:00:21]} 20.
e3 {[%clk 01:18:56]} {[%emt 00:03:44]} h6 {[%clk 00:30:19]} {[%emt 00:05:19]}
21. Rc1 {[%clk 01:18:41]} {[%emt 00:00:45]} Rfa8 {[%clk 00:27:04]} {[%emt
00:03:45]} 22. Qc2 {[%clk 01:12:15]} {[%emt 00:06:56]} Rc8 {[%clk 00:25:01]}
{[%emt 00:02:33]} 23. Qd1 {[%clk 01:10:09]} {[%emt 00:02:36]} Rb5 {[%clk
00:23:10]} {[%emt 00:02:22]} 24. Rcc2 {[%clk 01:10:02]} {[%emt 00:00:36]} Be8
{[%clk 00:20:07]} {[%emt 00:03:32]} 25. Bf1 {[%clk 01:10:17]} {[%emt 00:00:15]}
Ra5 {[%clk 00:20:28]} {[%emt 00:00:10]} 26. Bg2 {[%clk 01:04:33]} {[%emt
00:06:14]} Rd8 {[%clk 00:20:04]} {[%emt 00:00:54]} 27. Qc1 {[%clk 01:04:11]}
{[%emt 00:00:52]} Rda8 {[%clk 00:05:56]} {[%emt 00:14:38]} 28. Rc5 {[%clk
01:03:24]} {[%emt 00:01:17]} Kf8 {[%clk 00:04:13]} {[%emt 00:02:13]} 29. Rdc2
{[%clk 01:03:25]} {[%emt 00:00:28]} Ke7 {[%clk 00:04:15]} {[%emt 00:00:29]} 30.
R2c4 {[%clk 01:02:40]} {[%emt 00:01:15]} R5a7 {[%clk 00:02:44]} {[%emt
00:02:01]} 31. Rb4 {[%clk 00:59:39]} {[%emt 00:03:31]} Qd8 {[%clk 00:03:13]}
{[%emt 00:00:01]} 32. Rc2 {[%clk 00:59:25]} {[%emt 00:00:44]} Qd6 {[%clk
00:02:39]} {[%emt 00:01:04]} 33. Rbc4 {[%clk 00:58:46]} {[%emt 00:01:08]} Kf8
{[%clk 00:02:35]} {[%emt 00:00:35]} 34. Rd2 {[%clk 00:59:03]} {[%emt 00:00:13]}
Kg8 {[%clk 00:02:32]} {[%emt 00:00:33]} 35. Rb4 {[%clk 00:58:17]} {[%emt
00:01:17]} Qd8 {[%clk 00:02:14]} {[%emt 00:00:48]} 36. Rc4 {[%clk 00:57:42]}
{[%emt 00:01:03]} Ra5 {[%clk 00:02:28]} {[%emt 00:00:16]} 37. Qc3 {[%clk
00:57:35]} {[%emt 00:00:39]} Qb6 {[%clk 00:01:57]} {[%emt 00:01:01]} 38. Rc5
{[%clk 00:57:37]} {[%emt 00:00:26]} R5a7 {[%clk 00:01:45]} {[%emt 00:00:43]} 39.
h4 {[%clk 00:56:18]} {[%emt 00:01:49]} Rd8 {[%clk 00:02:10]} {[%emt 00:00:05]}
40. h5 {[%clk 00:56:26]} {[%emt 00:00:21]} Raa8 {[%clk 00:02:23]} {[%emt
00:00:18]} 41. Rc2 {[%clk 00:56:35]} {[%emt 00:00:20]} Rd6 {[%clk 00:02:18]}
{[%emt 00:00:36]} 42. Qd3 {[%clk 00:56:59]} {[%emt 00:00:07]} Qd8 {[%clk
00:02:10]} {[%emt 00:00:37]} 43. Qe4 {[%clk 00:57:12]} {[%emt 00:00:16]} Rc8
{[%clk 00:01:08]} {[%emt 00:01:33]} 44. g4 {[%clk 00:56:14]} {[%emt 00:01:28]}
b6 {[%clk 00:00:35]} {[%emt 00:01:03]} 45. Re5 {[%clk 00:56:37]} {[%emt
00:00:06]} Qd7 {[%emt 00:00:33]} 46. Qf4 {[%clk 00:55:42]} {[%emt 00:01:23]} f6
{[%clk 00:00:45]} {[%emt 00:00:20]} 47. Re4 {[%clk 00:56:07]} {[%emt 00:00:05]}
Rd5 {[%clk 00:00:35]} {[%emt 00:00:40]} 48. Qf3 {[%clk 00:50:01]} {[%emt
00:06:36]} Bf7 {[%clk 00:00:34]} {[%emt 00:00:32]} 49. Qe2 {[%clk 00:50:11]}
{[%emt 00:00:19]} Rg5 {[%clk 00:00:49]} {[%emt 00:00:15]} 50. Rf4 {[%clk
00:50:07]} {[%emt 00:00:35]} e5 {[%clk 00:00:43]} {[%emt 00:00:37]} 51. dxe5
{[%clk 00:48:21]} {[%emt 00:02:15]} fxe5 {[%clk 00:01:12]} 52. Rxa4 {[%clk
00:48:01]} {[%emt 00:00:51]} c5 {[%clk 00:01:23]} {[%emt 00:00:18]} 53. Re4
{[%clk 00:47:34]} {[%emt 00:00:56]} Rd8 {[%clk 00:01:01]} {[%emt 00:00:53]} 54.
f4 {[%clk 00:47:40]} {[%emt 00:00:24]} Rxg4 {[%clk 00:01:20]} {[%emt 00:00:11]}
55. Rxe5 {[%clk 00:47:02]} {[%emt 00:01:07]} Rh4 {[%clk 00:00:31]} {[%emt
00:01:20]} 56. Kf2 {[%clk 00:47:09]} {[%emt 00:00:22]} Qg4 {[%emt 00:00:32]} 57.
Qxg4 {[%clk 00:47:28]} {[%emt 00:00:10]} Rxg4 {[%clk 00:00:53]} {[%emt
00:00:07]} 58. Bf3 {[%clk 00:47:54]} {[%emt 00:00:04]} Bb3 {[%clk 00:00:34]}
{[%emt 00:00:48]} 59. Re2 {[%clk 00:48:10]} {[%emt 00:00:13]} Rh4 {[%clk
00:00:47]} {[%emt 00:00:17]} 60. Kg3 {[%clk 00:48:32]} {[%emt 00:00:09]} g5
{[%clk 00:01:08]} {[%emt 00:00:09]} 61. hxg6 {[%clk 00:48:53]} {[%emt
00:00:09]} 1-0

[Event "XLIV Memoriał Szachowy Ludwika Zamenhofa 2025, Grupa A"]
[Site "Białystok, Poland"]
[Date "2025.12.27"]
[Round "2.16"]
[White "Salna, Aleksandras"]
[Black "Kondys, Piotr"]
[Result "1-0"]
[TimeControl "90'+30\""]
[WhiteElo "2290"]
[BlackElo "2136"]

1. d4 {[%clk 01:30:55]} {[%emt 00:00:04]} e6 {[%clk 01:29:58]} {[%emt
00:01:03]} 2. c4 {[%clk 01:31:13]} {[%emt 00:00:11]} Nf6 {[%clk 01:30:13]}
{[%emt 00:00:15]} 3. Nc3 {[%clk 01:31:14]} {[%emt 00:00:30]} Bb4 {[%clk
01:30:36]} {[%emt 00:00:07]} 4. Qc2 {[%clk 01:31:26]} {[%emt 00:00:18]} d6
{[%clk 01:30:31]} {[%emt 00:00:34]} 5. a3 {[%clk 01:31:09]} {[%emt 00:00:48]}
Bxc3+ {[%clk 01:30:36]} {[%emt 00:00:24]} 6. Qxc3 {[%clk 01:31:32]} {[%emt
00:00:08]} O-O {[%clk 01:30:55]} {[%emt 00:00:10]} 7. Nf3 {[%clk 01:31:41]}
{[%emt 00:00:22]} b6 {[%clk 01:31:14]} {[%emt 00:00:11]} 8. e3 {[%clk
01:31:54]} {[%emt 00:00:17]} Bb7 {[%clk 01:31:07]} {[%emt 00:00:37]} 9. Be2
{[%clk 01:32:15]} {[%emt 00:00:09]} Nbd7 {[%clk 01:30:03]} {[%emt 00:01:34]} 10.
O-O {[%clk 01:32:32]} {[%emt 00:00:13]} Ne4 {[%clk 01:28:07]} {[%emt 00:02:26]}
11. Qc2 {[%clk 01:32:54]} {[%emt 00:00:08]} f5 {[%clk 01:28:15]} {[%emt
00:00:21]} 12. b4 {[%clk 01:33:18]} {[%emt 00:00:07]} Rf6 {[%clk 01:23:40]}
{[%emt 00:05:04]} 13. d5 {[%clk 01:33:40]} {[%emt 00:00:09]} exd5 {[%clk
01:10:05]} {[%emt 00:14:04]} 14. cxd5 {[%clk 01:34:04]} {[%emt 00:00:07]} Bxd5
{[%clk 01:07:55]} {[%emt 00:02:38]} 15. Rd1 {[%clk 01:34:27]} {[%emt 00:00:08]}
Bb7 {[%clk 00:57:20]} {[%emt 00:11:05]} 16. Bc4+ {[%clk 01:34:48]} {[%emt
00:00:09]} Kh8 {[%clk 00:50:55]} {[%emt 00:06:55]} 17. Bb2 {[%clk 01:34:48]}
{[%emt 00:00:31]} Rh6 {[%clk 00:28:24]} {[%emt 00:23:00]} 18. Bd5 {[%clk
01:33:43]} {[%emt 00:01:35]} Bxd5 {[%clk 00:22:39]} {[%emt 00:06:15]} 19. Rxd5
{[%clk 01:34:06]} {[%emt 00:00:08]} Ndf6 {[%clk 00:22:29]} {[%emt 00:00:39]} 20.
Rxf5 {[%clk 01:33:46]} {[%emt 00:00:50]} Qd7 {[%clk 00:20:49]} {[%emt
00:02:10]} 21. Rf4 {[%clk 01:33:55]} {[%emt 00:00:21]} Re8 {[%clk 00:20:52]}
{[%emt 00:00:27]} 22. Nd4 {[%clk 01:24:36]} {[%emt 00:09:50]} Rg6 {[%clk
00:16:10]} {[%emt 00:05:12]} 23. Rd1 {[%clk 01:17:02]} {[%emt 00:08:04]} Ng5
{[%clk 00:10:38]} {[%emt 00:06:03]} 24. Rh4 {[%clk 01:12:35]} {[%emt 00:04:56]}
Re4 {[%clk 00:09:16]} {[%emt 00:01:53]} 25. f4 {[%clk 01:10:21]} {[%emt
00:02:44]} Nd5 {[%clk 00:07:01]} {[%emt 00:02:45]} 26. fxg5 {[%clk 01:04:13]}
{[%emt 00:06:38]} Rxh4 {[%clk 00:07:13]} {[%emt 00:00:17]} 27. Nf5 {[%clk
01:04:39]} {[%emt 00:00:04]} Nxe3 {[%clk 00:01:58]} {[%emt 00:05:46]} 28. Nxe3
{[%clk 01:04:51]} {[%emt 00:00:17]} Rf4 {[%clk 00:02:12]} {[%emt 00:00:16]} 29.
Nd5 {[%clk 00:56:45]} {[%emt 00:08:36]} Rf7 {[%clk 00:02:09]} {[%emt 00:00:33]}
30. h4 {[%clk 00:53:52]} {[%emt 00:03:24]} Qg4 {[%clk 00:02:37]} {[%emt
00:00:01]} 31. Rd4 {[%clk 00:53:37]} {[%emt 00:00:45]} Qg3 {[%clk 00:00:33]}
{[%emt 00:02:34]} 32. Re4 {[%clk 00:53:14]} {[%emt 00:00:53]} h6 {[%clk
00:00:31]} {[%emt 00:00:33]} 33. h5 {[%clk 00:53:15]} {[%emt 00:00:28]} 1-0